| 000 | 00702nam a2200253 i 4500 | ||
|---|---|---|---|
| 001 | 000026355 | ||
| 003 | DO-SdBNP | ||
| 005 | 20260409091745.0 | ||
| 007 | ta | ||
| 008 | 260406s1975 dr 000 0 spa d | ||
| 040 |
_aDO-SdBNP _bspa _cBNPHU _erda |
||
| 041 | _aspa | ||
| 082 | 4 |
_axxx _bP857L _222 |
|
| 100 |
_aPostigo, Julio D., _eautor _4aut. _953995 |
||
| 245 | 1 | 0 |
_aLibros Dominicanos / _cJulio D. Postigo |
| 264 | 1 |
_aSanto Domingo : _bLibreria Dominicana, _c1975. |
|
| 300 |
_a83 pƔginas ; _c21 cm. |
||
| 336 |
_atexto _btxt _2rdacontent |
||
| 337 |
_asinmediación _bn _2rdamedia |
||
| 338 |
_avolumen _bnc _2rdacarrier |
||
| 590 | _aInventariado, 2026/DG | ||
| 910 | _aDG | ||
| 942 |
_2ddc _cLBS1 |
||
| 999 |
_c60456 _d60456 |
||